000
00260nam a2200085Ia 4500
245
0
_a
Marketing research in practice
100
_a
Tustin, D. H. Pretoria [South Africa], [c.2010] 1st ed
_9
7061
942
_c
BK
008
210817s9999 xx 000 0 und d
999
_c
329786
_d
329785